Online Catalogue and eLibrary

Workers participation in management. (Record no. 524)

MARC details
000 -LEADER
fixed length control field 00599cam a2200181 i 4500
001 - CONTROL NUMBER
control field 1334418
005 - DATE AND TIME OF LATEST TRANSACTION
control field 20240301005401.0
008 - FIXED-LENGTH DATA ELEMENTS--GENERAL INFORMATION
fixed length control field 790302s1977 ce a f100 0 eng
040 ## - CATALOGING SOURCE (பட்டியலாக்க மூலம்)
Original cataloging agency DLC
Transcribing agency DLC
Modifying agency DLC
082 00 - DDC Classification
Class No. 322.2
DDC Edition Number 22
Item Number - Author Mark WOR.
245 10 - TITLE STATEMENT
Title Workers participation in management.
260 ## - PUBLICATION, DISTRIBUTION, ETC.
Place of publication, distribution, etc. Colombo :
Name of publisher, distributor, etc. Sri Lanka Foundation Institute,
Date of publication, distribution, etc. 1977.
300 ## - PHYSICAL DESCRIPTION
Extent (e.g. Volumes, Pages etc.) 104 p. :
490 1# - SERIES STATEMENT
Series statement Seminar report - Sri Lanka Foundation Institute ; 5
500 ## - GENERAL NOTE
General note Conducted by the Asian Trade Union College, New Delhi in co-operation with the Sri Lanka Foundation Institute.
650 #0 - SUBJECT ADDED ENTRY--TOPICAL TERM
Topical term or geographic name entry element Management
942 ## - Koha item type (Biblio)
Koha item type Books in Stacks (Lending)
Holdings
Lost status Damaged status Collection code Home library Current library Date acquired Full call number Accession Number Item type
    Lending WERC Library WERC Library 03/01/2024 322.2 WOR. 138 Books in Stacks (Lending)

© WERC Library